00589nam a22001697a 450000500170000001000130001702000260003003500120005603700130006808200080008110000240008924501010011324600670021426000530028127000590033430000260039320230822165917.0 aUR-12162 a9789391238711c350.00 aU-10717 bDBAD/PUB a841 dارشد اقبال aپرو فسر ضیاء الر حمان صد یقی کے ادبی متون /cارشد اقبال aProf. Zia ur Rehman Siddiqui ke adabi matoon/bby Arshad Iqbal aNew DelhibEducational Publishing Housec2021 ء aH.O. D1/16, Ansari Road, Darya GanjbNew Delhie110002 a304 صc22cm(Hb)